000 00274nam a2200121Ia 4500
008 231129s1956||||xx |||||||||||||| ||spa||
082 _aHAJ- 0493
100 _aPlatón
245 0 _aLa República
260 _c1956
264 _aBarcelona: Iberia 1956
942 _2ddc
_cBKS
999 _c18105
_d18105